000 00368nam a2200133Ia 4500
005 20260328101526.0
008 260328s9999||||xx |||||||||||||| ||und||
100 _aTorres Alanis, Eduardo
245 0 _aXI Bienal Nacional de Arquitectura Mexicana /
_cEduardo Torres Alanis
260 _bGrupo Planos
300 _a191 p.
650 _aARQUITECTURA REGIONAL
942 _cBK
999 _c9786
_d9786